000 00371pam a2200157a 44500
008 230515b1986 xxu||||| |||| 00| 0 eng d
020 _aNULL
041 _aENGL
082 _a620.0042/WIL
100 _aWILLARD MERRITT
245 _aINSTRUMENTAL METHODS OF ANALYSIS SIXTH ED
250 _aN.D.
260 _aNULL
_bC.B.S
_c1986
300 _a1030 HB
650 _aNULL
999 _c627946
_d627946